000 00782aam a2200289 i 4500
001 768714001
003 CO-MdFUSB
005 20250430103758.0
007 ta
008 250430t1955 pau |||| |||| 00| 0 eng d
040 _cCO-MdFUSB
041 0 _aeng
082 0 4 _223
_a 239
_bV282e
100 1 _aVan Til, Cornelio (1895-)
_eautor
245 1 0 _aChristianity in modern theology
_c/ Cornelius Van Til
264 1 _bWestminster Theological Seminary,
_aPhiladelphia, USA :
_c[1955]
264 4 _c©1955
300 _a89 páginas
336 _atexto
_btxt
_2rdacontent
337 _2rdamedia
_asin mediación
_bn
338 _2rdacarrier
_avolumen
_bnc
563 _aRústico
650 7 _aApologética
_9187
942 _cBK
945 _aJTF-925
999 _c35257
_d35257